| 000 | 00583nam a2200169 a 4500 | ||
|---|---|---|---|
| 001 | 000048005 | ||
| 005 | 20201002060846.0 | ||
| 008 | 181012s2004 dr r 000 0 spa d | ||
| 040 |
_aDO-SdBNP _bspa _cBNPHU |
||
| 082 |
_axxxx _bC183l |
||
| 100 | 1 |
_aCamilo, Alexis _975509 |
|
| 245 | 1 | 0 |
_a"Liberados de la brujeria" : _btestimonios de Jesucristo liberador / _cAlexis Camilo, Elba Camilo. |
| 260 |
_aSanto Domingo : _bs.n. , _c2004. |
||
| 300 |
_a143 p. : _bil. ; _c21 cm. |
||
| 504 | _aIncluye referencias bibliográficas y notas al pie de las páginas | ||
| 590 | _aInventariado, 2018/BT | ||
| 999 |
_c47493 _d47493 |
||